000 01269nam2a2200229 4500
001 rc\2958085
005 20260315060734.0
035 _a(NLR Aleph) 007105173
090 _a13603820
_c13603820
100 _a20110901d1946 u y0rusy50 ca
101 0 _arus
102 _aRU
105 _ay z |||||
200 1 _aКультура белладонны
_fОтв. ред. Романько, С.С.
210 _d1946
461 0 _1001rc\2958081
_12001#$aˆ[‰Издания]$fРед. коллегия: Губенко, В.Т., Дидук, В.Л., Закордонец, А.И. ... [и др.]$gОтв. ред. А.И. Закордонец$gУкр. опытная ст. лекарственных растений ВИЛАР'а$vВып. 33
_96710945
_aУкраинская опытная станция лекарственных растений (Лубны)
_cЛубны
_d1939-1946
_fРед. коллегия: Губенко, В.Т., Дидук, В.Л., Закордонец, А.И. ... [и др.]
_nУкр. опытная ст. лекарственных растений ВИЛАР'а
_tˆ[‰Издания]
_vВып. 33
700 1 _aПеренко
_bН.
801 0 _aRU
_bNLR
_gpsbo
801 1 _aRU
_bELAR
_2rusmarc
852 _aNLR
_bС
_j50 Г-4/582
942 _cUNSPEC
980 _aNB